| 000 | 00677nam a2200229Ia 4500 | ||
|---|---|---|---|
| 003 | OSt | ||
| 005 | 20220926005914.0 | ||
| 006 | a|||||r|||| 00| 0 | ||
| 007 | ta | ||
| 008 | 220923b |||||||| |||| 00| 0 eng d | ||
| 037 | _cGeneral Book | ||
| 040 |
_aRTL _cRTL _beng |
||
| 041 |
_2eng _aeng |
||
| 082 | _aV2.6p2,N58, J8/GD | ||
| 110 | _aIndian Institute of Public Administration | ||
| 245 | 0 | _aSeminar on the pattern of rural government | |
| 260 |
_a New Delhi _bThe Author _c1958 |
||
| 650 | _aIndia Local Body | ||
| 700 | _aIndian Institute of Public Administration | ||
| 942 |
_hV2.6p2,N58, J8/GD _cGB _2CC |
||
| 999 |
_c615715 _d615715 |
||